All IWGP Intercontinental Champions - Statistics

General Stats
  • This quiz has been taken 147 times
    106 since last reset
  • The average score is 19 of 25
Answer Stats
Hint Answer % Correct
Kizuna Road 2012 Shinsuke Nakamura
96%
Kizuna Road 2013 Shinsuke Nakamura
96%
Invasion Attack 2018 Shinsuke Nakamura
96%
Destruction in Kobe 2014 Shinsuke Nakamura
96%
Destruction in Kobe 2015 Shinsuke Nakamura
96%
The New Beginning in Niigata Kenny Omega
94%
Destruction ibn Kobe 2016 Tetsuya Naito
90%
Wrestling Hinokuni Tetsuya Naito
90%
WrestleKingdom 13 Tetsuya Naito
90%
Dominion 6.9 Tetsuya Naito
90%
WrestleKingdom 14 Tetsuya Naito
90%
ROH/NJPW G1 Supercard Kota Ibushi
85%
WrestleKingdom 8 Hiroshi Tanahashi
83%
Dominion 6.11 Hiroshi Tanahashi
83%
Destruction in Kobe 2019 Jay White
83%
Dominion 6.9 Chris Jericho
65%
Invasion Tour 2011: Attack on East Coast MVP
65%
The New Beginning Hirooki Goto
60%
Wrestling Dontaku 2015 Hirooki Goto
60%
Dominion 6.21 Bad Luck Fale
58%
The New Beginning in Sapporo Minoru Suzuki
56%
N/A Vacant
50%
Dominion 6.19 Michael Elgin
44%
Super Viernes La Sombra
35%
Destruction 2011 Masato Tanaka
31%
No matching quizzes found
Score Distribution
Percent of People with Each Score
Percentile by Number Answered
Your Score History
You have not taken this quiz since the last reset